000
00291nam a2200133 a 4500
001
4140
005
20140414132013.0
008
090218s19uu xx 00 eng d
050
_a
TR
_b
W72 1993
100
_a
Huntchins, Pat
245
_a
The Wind blew.
999
_c
113314
_d
113314